[Event "Mar del Plata op 53rd"]
[Site "Mar del Plata"]
[Date "2024.03.24"]
[Round "2"]
[White "Espinoza Palomino, Willyam"]
[Black "Arias Diaz, Miguel Angel"]
[Result "1-0"]
[WhiteElo "2400"]
[BlackElo "1996"]
[PlyCount "131"]
[EventDate "2024.03.23"]
[EventType "swiss"]
[EventRounds "9"]
[EventCountry "ARG"]
[SourceTitle "CB14_2024"]
[SourceDate "2024.04.01"]
[SourceVersion "1"]
[SourceVersionDate "2024.04.01"]
[SourceQuality "1"]

1. e4 c6 2. d4 d5 3. Nc3 dxe4 4. Nxe4 Nf6 5. Nxf6+ exf6 6. c3 Bd6 7. Bd3 0-0 8. Qc2 Re8+ 9. Ne2 h5 10. Be3 Nd7 11. 0-0-0 Nf8 12. Kb1 Be6 13. c4 Rc8 14. Nc3 Bb4 15. Ne4 Be7 16. h3 f5 17. Nc3 g6 18. d5 Bd7 19. Be2 Bf6 20. Bf3 Qa5 21. Bd4 Nh7 22. Qd2 Qa6 23. Bxf6 Nxf6 24. Qd4 c5 25. Qf4 Ne4 26. Bxe4 fxe4 27. d6 Kg7 28. Nd5 Re6 29. Nc7 Qxc4 30. Nxe6+ Bxe6 31. b3 Qb5 32. Qe5+ Kh7 33. g4 h4 34. Rhe1 a5 35. Rxe4 Re8 36. Qf4 Bxb3 37. Rxe8 Bxd1+ 38. Kc1 Qxe8 39. Kxd1 Kg7 40. g5 Qe6 41. Qd2 Qd7 42. Qd5 f6 43. Qxc5 Qa4+ 44. Kc1 Qf4+ 45. Kb2 Qd2+ 46. Kb3 Qd1+ 47. Ka3 Qd3+ 48. Ka4 fxg5 49. Qe5+ Kh7 50. Qe7+ Kh6 51. d7 Qc4+ 52. Kxa5 Qc7+ 53. Kb4 Qf4+ 54. Kc3 Qc1+ 55. Kb3 Qb1+ 56. Ka3 Qc1+ 57. Kb4 Qb2+ 58. Ka5 Qxa2+ 59. Kb6 Qa6+ 60. Kc7 Qc4+ 61. Kd8 Qc6 62. Ke8 b5 63. Kf8 Qf3+ 64. Kg8 Qd5+ 65. Qf7 Qa8+ 66. Qf8+ 1-0

[Event "Valdivia op 2nd"]
[Site "Valdivia"]
[Date "2021.09.19"]
[Round "6"]
[White "Caro Garcia Huidobro, Ismael"]
[Black "Arias Diaz, Miguel Angel"]
[Result "1/2-1/2"]
[WhiteElo "1894"]
[BlackElo "1694"]
[PlyCount "126"]
[EventDate "2021.09.16"]
[EventType "swiss"]
[EventRounds "6"]
[EventCountry "CHI"]
[SourceTitle "CBM 204 Extra"]
[Source "ChessBase"]
[SourceDate "2021.11.30"]
[SourceVersion "1"]
[SourceVersionDate "2021.11.30"]
[SourceQuality "1"]

1. d4 Nf6 2. c4 g6 3. Nc3 d5 4. Bf4 Bg7 5. e3 c5 6. dxc5 Qa5 7. Qa4+ Qxa4 8. Nxa4 Bd7 9. Nc3 Na6 10. cxd5 Nxc5 11. Nf3 0-0 12. Be2 Na4 13. Nxa4 Bxa4 14. d6 exd6 15. Bxd6 Rfe8 16. Be5 Bc6 17. Bc3 Rac8 18. 0-0 a6 19. Rfd1 Rcd8 20. Rxd8 Rxd8 21. Rd1 Rxd1+ 22. Bxd1 Bd5 23. a3 Kf8 24. Nd2 Ke7 25. Bf3 Bxf3 26. Nxf3 h6 27. Kf1 Ke6 28. Ke2 Bf8 29. Nd4+ Kd5 30. f3 Nd7 31. Nb3 b6 32. e4+ Kc6 33. Kd3 Bd6 34. h3 h5 35. Nd2 Nc5+ 36. Ke2 Ne6 37. e5 Nf4+ 38. Ke3 Nd5+ 39. Ke4 Nxc3+ 40. bxc3 Bxa3 41. g4 hxg4 42. fxg4 Be7 43. Nf3 Kc5 44. h4 a5 45. Kd3 a4 46. h5 gxh5 47. gxh5 Bf8 48. Ng5 Kd5 49. Nxf7 Ke6 50. Nd6 Kxe5 51. Nc4+ Kf5 52. Nxb6 a3 53. Kc2 Kg5 54. Kb3 Kxh5 55. Nd7 Bd6 56. Nf6+ Kg6 57. Ne4 Be5 58. c4 Bb2 59. c5 Kf7 60. Nc3 Bxc3 61. Kxa3 Ke6 62. c6 Kd6 63. c7 Kxc7 1/2-1/2

[Event "South America-ch U20"]
[Site "Chess.com INT"]
[Date "2021.06.19"]
[Round "1"]
[White "Borda Rodas, Anapaola S"]
[Black "Arias Diaz, Miguel Angel"]
[Result "1-0"]
[WhiteElo "2162"]
[BlackElo "1694"]
[PlyCount "45"]
[EventDate "2021.06.19"]
[EventType "swiss"]
[EventRounds "7"]
[EventCountry "CHI"]
[SourceTitle "CBM 203 Extra"]
[Source "ChessBase"]
[SourceDate "2021.09.30"]
[SourceVersion "1"]
[SourceVersionDate "2021.09.30"]
[SourceQuality "1"]

1. e4 c5 2. Nf3 e6 3. d4 cxd4 4. Nxd4 a6 5. Be2 Nf6 6. Nc3 Qc7 7. 0-0 d6 8. Kh1 b6 9. f4 Bb7 10. Bf3 Nbd7 11. Qe1 Be7 12. Be3 0-0 13. Qg3 Rfe8 14. e5 dxe5 15. fxe5 Nd5 16. Bxd5 Bxd5 17. Nxd5 exd5 18. e6 Bd6 19. exf7+ Kh8 20. fxe8Q+ Rxe8 21. Bf4 Ne5 22. Nf5 Bf8 23. Rae1 1-0

[Event "Pan American-ch U12"]
[Site "Guayaquil"]
[Date "2019.07.26"]
[Round "8"]
[White "Mendez Machado, Andre"]
[Black "Arias Diaz, Miguel Angel"]
[Result "0-1"]
[WhiteElo "1718"]
[BlackElo "1631"]
[PlyCount "53"]
[EventDate "2019.07.21"]
[EventType "swiss"]
[EventRounds "9"]
[EventCountry "ECU"]
[SourceTitle "EXT 2020"]
[Source "ChessBase"]
[SourceDate "2019.10.17"]
[SourceVersion "1"]
[SourceVersionDate "2019.10.17"]
[SourceQuality "1"]

1. e4 c5 2. Nf3 Nc6 3. d4 cxd4 4. Nxd4 g6 5. Nc3 Bg7 6. Be3 Nf6 7. f3 0-0 8. Qd2 d5 9. 0-0-0 dxe4 10. Nxc6 Qxd2+ 11. Rxd2 bxc6 12. Nxe4 Nd5 13. Bg5 f6 14. c4 fxg5 15. cxd5 cxd5 16. Rxd5 g4 17. Be2 Be6 18. Ra5 Rab8 19. b3 Rfc8+ 20. Kb1 Bxb3 21. axb3 Rxb3+ 22. Ka2 Rb2+ 23. Ka3 Rxe2 24. Rxa7 Re3+ 25. Kb4 gxf3 26. gxf3 Rxf3 27. Ra4 0-1

[Event "Pan American-ch U12"]
[Site "Guayaquil"]
[Date "2019.07.25"]
[Round "7"]
[White "Arias Diaz, Miguel Angel"]
[Black "Puchuri Torres, Joseph Ricardo"]
[Result "1-0"]
[WhiteElo "1631"]
[BlackElo "1300"]
[PlyCount "72"]
[EventDate "2019.07.21"]
[EventType "swiss"]
[EventRounds "9"]
[EventCountry "ECU"]
[SourceTitle "EXT 2020"]
[Source "ChessBase"]
[SourceDate "2019.10.17"]
[SourceVersion "1"]
[SourceVersionDate "2019.10.17"]
[SourceQuality "1"]

1. d4 f5 2. c4 e6 3. Nf3 Nf6 4. g3 d5 5. Nbd2 c6 6. Bg2 Bd6 7. 0-0 0-0 8. e3 Ne4 9. cxd5 exd5 10. Qb3 Qb6 11. Qc2 h6 12. h4 Nd7 13. b3 Ndf6 14. Bb2 Be6 15. Ne5 Nxd2 16. Qxd2 Ne4 17. Qe2 Bxe5 18. dxe5 Rad8 19. Rac1 Rde8 20. Kh2 Qb4 21. f3 Nxg3 22. Kxg3 f4+ 23. Kh2 fxe3 24. Qe1 Qf4+ 25. Qg3 d4 26. Qxf4 Rxf4 27. Kg3 Ref8 28. Rfd1 Bd5 29. Rxd4 Rxf3+ 30. Bxf3 Rxf3+ 31. Kg4 h5+ 32. Kg5 Rg3+ 33. Kf5 Rf3+ 34. Rf4 Be6+ 35. Kxe6 Rxf4 36. Re1 Rf8 1-0

[Event "Wch U10"]
[Site "Pocos de Caldas"]
[Date "2017.08.23"]
[Round "2"]
[White "Dev, Shah"]
[Black "Arias Diaz, Miguel Angel"]
[Result "1-0"]
[WhiteElo "1793"]
[BlackElo "1325"]
[PlyCount "47"]
[EventDate "2017.08.22"]
[EventType "swiss"]
[EventRounds "11"]
[EventCountry "BRA"]
[SourceTitle "CBM 180 Extra"]
[Source "ChessBase"]
[SourceDate "2017.10.06"]
[SourceVersion "1"]
[SourceVersionDate "2017.10.06"]
[SourceQuality "1"]

1. d4 Nf6 2. Nf3 g6 3. Bf4 Bg7 4. e3 0-0 5. Be2 d6 6. h3 Nbd7 7. 0-0 c5 8. c3 a6 9. a4 cxd4 10. cxd4 Nb6 11. Nc3 Nbd5 12. Nxd5 Nxd5 13. Bh2 Bd7 14. Qb3 Bc6 15. e4 Nc7 16. d5 Bd7 17. Bf4 Rb8 18. Be3 b5 19. a5 e6 20. Bb6 Rc8 21. Rac1 exd5 22. exd5 Be8 23. Rc2 Qd7 24. Rfc1 1-0

[Event "Pan American-ch U10"]
[Site "San Jose"]
[Date "2017.07.03"]
[Round "4"]
[White "Arias Diaz, Miguel Angel"]
[Black "Campos Gomez, Manuel"]
[Result "0-1"]
[WhiteElo "1267"]
[BlackElo "1780"]
[PlyCount "42"]
[EventDate "2017.07.01"]
[EventType "swiss"]
[EventRounds "9"]
[EventCountry "CRI"]
[SourceTitle "EXT 2022"]
[Source "ChessBase"]
[SourceDate "2021.10.06"]
[SourceVersion "1"]
[SourceVersionDate "2021.10.06"]
[SourceQuality "1"]

1. e4 c5 2. Nc3 e6 3. f4 Nc6 4. Nf3 a6 5. Be2 d5 6. e5 Nge7 7. 0-0 Nf5 8. d3 Be7 9. Qe1 0-0 10. Kh1 b5 11. g4 Nfd4 12. Bd1 Bb7 13. Qg3 b4 14. Ne2 Nxf3 15. Rxf3 d4 16. Kg1 Na5 17. Rf1 Qd5 18. g5 c4 19. dxc4 Nxc4 20. b3 Ne3 21. Bxe3 dxe3 0-1